000 00451nam a2200181Ia 4500
005 20250423095835.0
008 250422s9999 xx 000 0 und d
020 _a9781405824392
050 _aJA 71 .H613/
100 _aHoffman, John
245 0 _aIntroduction to political ideologies
260 _aEdinburg Gate
260 _bPearson Longman
260 _c2006
300 _a282 p
650 _aPolitical science --Philosophy.
942 _cBK
999 _c31490
_d31490